Obszary MSI Warszawa Bemowo z pierwszą literą. - Statystyki

Ogólne statystyki
  • Ten quiz został rozwiązany 814 razy
  • Średni wynik to 7 z 10
Statystyki odpowiedzi
Hint Odpowiedź % Poprawnych
B Boernerowo
89%
J Jelonki Północne
79%
J Jelonki Południowe
74%
G Górce
68%
L Lotnisko
68%
F Fort Bema
63%
G Groty
63%
C Chrzanów
53%
F Fort Radiowo
53%
B Bemowo Lotnisko
47%
Nie znaleziono quizów pasujących do podanych kryteriów
Rozkład punktacji
Procent ludzi z każdym wynikiem
Percentyl według liczby udzielonych odpowiedzi
Twoja historia wyników
Nie rozwiązałeś tego quizu